| 000 | 00482cam a2200193ua 4500 | ||
|---|---|---|---|
| 001 | 5546 | ||
| 008 | 131004n ii |||gr||||Z||||||eng | ||
| 020 | _a81-237-0555-7 | ||
| 040 | _cMAIN | ||
| 082 | _a305.8 | ||
| 245 | 1 | 1 |
_aHimachal Pradesh _cby Hari krishan Mittoo |
| 250 | _a2nd ed. | ||
| 260 |
_aDelhi: _bNational Book Trust,India, _c2000. |
||
| 300 | _ax,129p. | ||
| 653 | _aSociology | ||
| 653 | _aArunachal Pradesh | ||
| 700 | 1 |
_aMittoo,Hari Krishan, _eAuthor. |
|
| 942 | _cBK | ||
| 999 |
_c4712 _d4712 |
||